000 00729nam a2200193Ii 4500
003 JO-AjNU
008 230605s9999||||xx |||||||||||||| ||und||
040 _aJO-AjNU
_bara
_erda
_cJO-AjNU
041 _aara
050 1 4 _aPJ6065.M8322 1999
100 3 _aتاليف ربيع، محمد؛ م.مشارك حسن الربابعة؛ م.مشارك محمود مهيدات,
_eauthor
_940698
245 0 0 _aاساسيات اللغة العربية
264 3 1 _aد.م: المركز القومي للنشر، 1999
300 _a203ص
336 _atext
_btxt
_2rdacontent
337 _aunmediated
_bn
_2rdamedia
338 _avolume
_bnc
_2rdacarrier
650 4 _aاللغة العربية-أساسيات اللغة العربية
_940699
999 _aA17293
_c20861
_d20861